Engineering economy (Record no. 1549)

000 -LEADER
fixed length control field 00674nam a22002294a 4500
001 - CONTROL NUMBER
control field 1549
003 - CONTROL NUMBER IDENTIFIER
control field BD-DhUET
008 - FIXED-LENGTH DATA ELEMENTS--GENERAL INFORMATION
fixed length control field 000424s2001 njua b 001 0 eng
020 ## - INTERNATIONAL STANDARD BOOK NUMBER
International Standard Book Number 013028128X
040 ## - CATALOGING SOURCE
Original cataloging agency DLC
Transcribing agency DLC
Modifying agency BD-DhUET
082 00 - DEWEY DECIMAL CLASSIFICATION NUMBER
Classification number 620.02
Item number THU/2001
100 ## - MAIN ENTRY--PERSONAL NAME
Personal name Thuesen, G. J.
245 10 - TITLE STATEMENT
Title Engineering economy
Statement of responsibility, etc. by G.J. Thuesen and W.J. Fabrycky
250 ## - EDITION STATEMENT
Edition statement 9th ed.
260 ## - PUBLICATION, DISTRIBUTION, ETC. (IMPRINT)
Place of publication, distribution, etc. New Jersy
Name of publisher, distributor, etc. Prentice Hall
Date of publication, distribution, etc. 2001
300 ## - PHYSICAL DESCRIPTION
Extent xiv, 637 p.
Other physical details ill.
Dimensions 25 cm.
490 ## - SERIES STATEMENT
Series statement Prentice hall international series in industrial and sytems engineering
504 ## - BIBLIOGRAPHY, ETC. NOTE
Bibliography, etc Includes bibliographies
650 #0 - SUBJECT ADDED ENTRY--TOPICAL TERM
Topical term or geographic name as entry element Engineering economy
700 1# - ADDED ENTRY--PERSONAL NAME
Personal name Fabrycky, W. J.
942 ## - ADDED ENTRY ELEMENTS (KOHA)
Koha item type General Book
Holdings
Sublocation or collection (holding branch) Damaged status Price effective from Koha date last borrowed Piece designation (barcode) Location (home branch) Shelving location Koha normalized classification for sorting Source of classification or shelving scheme Date acquired Koha issues (times borrowed) Koha full call number Koha date last seen Koha item type Withdrawn status Not for loan Lost status Copy number
Central Library, BUET 2014-09-08 102596Central Library, BUETCirculation section620_000000000000000_02THU2001 2014-09-08 620.02/THU/20012014-09-08General Book   1
Central Library, BUET 2014-09-08 102594Central Library, BUETCirculation section620_000000000000000_02THU2001 2014-09-08 620.02/THU/20012014-09-08General Book   2
Central Library, BUET 2014-09-082021-11-29102590Central Library, BUETCirculation section620_000000000000000_02THU2001 2014-09-081620.02/THU/20012021-12-20General Book   3
Central Library, BUET 2014-09-08 102595Central Library, BUETCirculation section620_000000000000000_02THU2001 2014-09-08 620.02/THU/20012014-09-08General Book   4
Central Library, BUET 2014-09-08 102589Central Library, BUETCirculation section620_000000000000000_02THU2001 2014-09-08 620.02/THU/20012014-09-08General Book   5
Central Library, BUET 2014-09-08 102588Central Library, BUETCirculation section620_000000000000000_02THU2001 2014-09-08 620.02/THU/20012014-09-08General Book   6
Central Library, BUET 2014-09-082022-03-21102592Central Library, BUETCirculation section620_000000000000000_02THU2001 2014-09-082620.02/THU/20012022-04-16General Book   8
Central Library, BUET 2014-09-08 102591Central Library, BUETCirculation section620_000000000000000_02THU2001 2014-09-08 620.02/THU/20012014-09-08General Book   9
Central Library, BUET 2014-09-15 102593Central Library, BUETCirculation section620_000000000000000_02THU2001 2014-09-15 620.02/THU/20012014-09-15General Book   10
Central Library, BUET 2014-09-272021-12-04101877Central Library, BUETCirculation section620_000000000000000_02THU2001 2014-09-273620.02/THU/20012021-12-20General Book   11
Central Library, BUET 2014-10-19 112838Central Library, BUETCirculation section620_000000000000000_02THU2001 2014-10-19 620.02/THU/20012014-10-19General Book   12
Central Library, BUET 2014-11-23 101878Central Library, BUETCirculation section620_020000000000000_THU_2001 2014-11-23 620.02/THU/20012014-11-23General Book   13